header

Mindvaults (Record no. 59940)

MARC details
000 -LEADER
fixed length control field 01405nam a2200373Ia 4500
082 04 - DEWEY DECIMAL CLASSIFICATION NUMBER
Classification number 153.3
100 1# - MAIN ENTRY--AUTHOR NAME
Personal name Bogdan, Radu J.
245 10 - TITLE STATEMENT
Title Mindvaults
260 ## - PUBLICATION, DISTRIBUTION, ETC. (IMPRINT)
Place of publication Cambridge, Mass. :
Name of publisher MIT Press,
Year of publication c2013.
300 ## - PHYSICAL DESCRIPTION
Number of Pages xxi, 236 p.
650 #0 - SUBJECT ADDED ENTRY--TOPICAL TERM
Topical Term Imagination in children.
Topical Term Imagination.
Topical Term Social cognitive theory.
Topical Term Social perception.
Topical Term Social psychology.
856 40 - ELECTRONIC LOCATION AND ACCESS
Uniform Resource Identifier http://site.ebrary.com/lib/rucke/Doc?id=10678829

No items available.

© 2026 Rongo University
Contact us: librarian | system librarian | Rongo university